El desempeño del contador público independiente como sindico societario (Registro nro. 2186)
[ vista simple ]
| 000 -LEADER | |
|---|---|
| fixed length control field | 01405 a2200289 4500 |
| 001 - CONTROL NUMBER | |
| control field | 31503 |
| 005 - DATE AND TIME OF LATEST TRANSACTION | |
| control field | 20260407155619.0 |
| 008 - FIXED-LENGTH DATA ELEMENTS--GENERAL INFORMATION | |
| fixed length control field | 260407a2001 arg spa d |
| 003 - CONTROL NUMBER IDENTIFIER | |
| control field | AR-UNSa-BCEJYS |
| 040 ## - CATALOGING SOURCE | |
| Original cataloging agency | AR-UNSa-BCEJYS |
| Language of cataloging | spa |
| Transcribing agency | AR-UNSa-BCEJYS |
| 080 ## - UNIVERSAL DECIMAL CLASSIFICATION NUMBER | |
| Universal Decimal Classification number | 657-051 |
| Common auxiliary subdivision | Profesional en Ciencias Económicas (Contador...) |
| 020 ## - INTERNATIONAL STANDARD BOOK NUMBER | |
| International Standard Book Number | 950-739-975-5 |
| 041 ## - LANGUAGE CODE | |
| Language code of text/sound track or separate title | spa |
| 100 1# - MAIN ENTRY--PERSONAL NAME | |
| Personal name | Casal, Armando Miguel |
| 245 10 - TITLE STATEMENT | |
| Title | El desempeño del contador público independiente como sindico societario |
| 264 #1 - PRODUCTION, PUBLICATION, DISTRIBUTION, MANUFACTURE, AND COPYRIGHT NOTICE | |
| Place of production, publication, distribution, manufacture | Buenos Aires : |
| Name of producer, publisher, distributor, manufacturer | Errepar |
| Date of production, publication, distribution, manufacture, or copyright notice | 2001 |
| 300 ## - PHYSICAL DESCRIPTION | |
| Extent | 242 p. |
| Dimensions | 21 cm. |
| 505 ## - FORMATTED CONTENTS NOTE | |
| Formatted contents note | 1. Introducción a la sindicatura - 2. Comparación de la sindicatura en varios paises - 3. Aspectos legales - 4. Compatibilidad entre las funciones del sindico y las funciones del Auditor externo - 5. Normativa profesional - La Resolución técnica Nº 15 de la FACPCE - 6. Aspectos impositivos - 7. Objetivos y procedimientos de la sindicatura. Contenido de la memoria - 8. Informes de la sindicatura |
| 590 ## - LOCAL NOTE (RLIN) | |
| Local note | niveau_biblio:m niveau_hierar:0 |
| 700 1# - ADDED ENTRY--PERSONAL NAME | |
| Personal name | Wainstein, Mario |
| 700 1# - ADDED ENTRY--PERSONAL NAME | |
| Personal name | Casal, Pablo Mariano |
| 700 1# - ADDED ENTRY--PERSONAL NAME | |
| Personal name | Cristóbal, Norma C. |
| 700 1# - ADDED ENTRY--PERSONAL NAME | |
| Personal name | Lublinerman, Leonardo |
| 700 1# - ADDED ENTRY--PERSONAL NAME | |
| Personal name | Pérez, Liliana |
| 856 41 - ELECTRONIC LOCATION AND ACCESS | |
| Uniform Resource Identifier | <a href="https://biblioeco.unsa.edu.ar/pmb/images/libros/El desempe?o del contador publico independiente como sindicato societario-l87106.jpg">https://biblioeco.unsa.edu.ar/pmb/images/libros/El desempe?o del contador publico independiente como sindicato societario-l87106.jpg</a> |
| Link text | Imagen de portada |
| Electronic format type | image/jpeg |
| 942 ## - ADDED ENTRY ELEMENTS (KOHA) | |
| Koha item type | |
| Withdrawn status | Lost status | Damaged status | Not for loan | Home library | Current library | Shelving location | Date acquired | Total checkouts | Full call number | Barcode | Date last seen | Price effective from | Koha item type |
|---|---|---|---|---|---|---|---|---|---|---|---|---|---|
| Biblioteca Prof. Eusebio Cleto del Rey | Biblioteca Prof. Eusebio Cleto del Rey | 07/04/2026 | 657-051 W141 | L87106 | 07/04/2026 | 07/04/2026 | Libro | ||||||
| Biblioteca Prof. Eusebio Cleto del Rey | Biblioteca Prof. Eusebio Cleto del Rey | 07/04/2026 | 657-051 W141 | L87107 | 07/04/2026 | 07/04/2026 | Libro | ||||||
| Biblioteca Prof. Eusebio Cleto del Rey | Biblioteca Prof. Eusebio Cleto del Rey | 07/04/2026 | 657-051 W141 | L87105 | 07/04/2026 | 07/04/2026 | Libro |